Les 15 premiers club de la Ligue Des Champions 2024-2025 - Statistiques

Statistiques générales
  • Ce quiz a été pris 188 fois
  • Le résultat moyen est 12 sur 15
Statistiques - réponses
Classement Club % Correct
1er Liverpool
95%
11eme Real Madrid
95%
2eme Barcelone
94%
12eme Bayern Munich
89%
4eme Inter Milan
88%
15eme Paris Saint-Germain
88%
7eme Lille
86%
3eme Arsenal
85%
10eme Dortmund
79%
5eme Atletico Madrid
75%
8eme Aston Villa
74%
6eme Bayer Leverkusen
66%
13eme AC Milan
54%
9eme Atalanta
48%
14eme PSV Eindhoven
48%
Aucun quiz correspondant
Distribution des résultats
% des personnes avec chaque résultat
Percentile par nombre de réponses
Votre historique - résultats
Vous n’avez pas pris ce quiz